Bireysel başvuru (Record no. 6228)

MARC details
000 -BAŞLIK
Sabit Uzunlukta Kontrol Alanı 00730na a2200241 4500
001 - KONTROL NUMARASI
Denetim Alanı 20280
003 - KONTROL NUMARASI IDENTIFIER
Denetim Alanı MIRAKIL
005 - SON İŞLEM TARİHİ VE ZAMANI
Denetim Alanı 20181213155100.0
008 - SABİT-BOY VERİ ELEMANLARI - GENEL BİLGİLER
Sabit Uzunlukta Kontrol Alanı 170117b tu 000 0
020 ## - ULUSLARARASI STANDART KİTAP NUMARASI
Uluslararası Standart Kitap Numarası 9789757427810
040 ## - KATALOGLAMA KAYNAK
Orijinal Kataloglama Ajansı Milas
Kataloglama Dili tur
Metne Dönüştürmek Ajansı TR-AnCHP
041 ## - DİL KODU
Metin / Ses Parça Veya Ayrı Başlığın Dil Kodu tur
082 ## - DEWEY ONLU SINIFLANDIRMA NUMARASI
Sınıflandırma Numarası 342.02643
Ürün Numarası B57 2016
090 ## - SINIFLAMA NUMARASI
Sınıflama Numarası 342.02643 B57 2016
245 ## - BAŞLIK TABLOSU
Başlık Bireysel başvuru
Başlığın Kalan seçme kararlar 2015
Sorumluluk Tablosu, Vb Anayasa Mahkemesi
246 ## - UNVAN FORM VARYING
Başlık Doğru / Kısa Başlığı Seçme kararlar 2015
260 ## - YAYIN, DAĞITIM, VB
Yayın, Dağıtım, Vb Yeri Ankara
Yayıncı, Dağıtıcı, Vs Adı Anayasa Mahkemesi Yayınları
Yayın, Dağıtım, Vb Tarihi 2016
300 ## - FİZİKSEL TANIM
Kapsam xiii, 1330 s.
Boyutlar 25 sm.
610 ## - KONU KATMA GİRİŞ - TOPLANTI ADI
Giriş Elemanı Olarak Kurumsal Ad Veya Yargı Alanı Adı Anayasa Mahkemesi
Genel Alt Bölüm Bireysel başvuru hakkı
Kronolojik Alt Bölüm Kararlar
650 ## - KONU KATMA GİRİŞ - TOPİKAL DÖNEM
Topikal Süreli Veya Coğrafi Ad Giriş Elemanı Anayasa hukuku
Genel Alt Bölümü Bireysel başvuru
Kronolojik Alt Bölümü Kararlar
710 ## - KATMA GİRİŞ - KURUMSAL ADI
Giriş Elemanı Olarak Kurumsal Ad Veya Yargı Alanı Adı Anayasa Mahkemesi
942 ## - EKLENDİ GİRİŞ ELEMANLARI (KOHA)
Sınıflandırma Veya Raf Düzeni Kaynak Dewey Decimal Classification
Koha Öğesi Türü Books
999 ## - SİSTEM KONTROL NUMARALARI (KOHA)
Koha Biblionumber 6228
Koha Biblioitemnumber 6228
Holdings
Kalıcı Konum Mevcut Konum Edinme Tarihi Edinim Kaynak Toplam Check-Out'Lar Tam Çağrı Numarası Barkod Tarih Son Görülme İtibaren Geçerli Fiyatlar Koha Öğesi Türü
CHP Kütüphanesi CHP Kütüphanesi 01/17/2017 Bağış   342.02643 B57 2016 010982 01/17/2017 01/17/2017 Books